[Event "Corporation Centre Cup"]
[Site "Izhevsk RUS"]
[Date "2010.07.15"]
[Round "1"]
[White "Vaseptsov,Maxim"]
[Black "Tunik,G"]
[Result "0-1"]
[WhiteElo "2156"]
[BlackElo "2469"]

1.e4 c5 2.Nf3 e6 3.d4 cxd4 4.Nxd4 Nc6 5.Nc3 Qc7 6.Be3 Nf6 7.Be2 a6 8.O-O Bb4
9.f3 O-O 10.Nxc6 bxc6 11.Na4 Rb8 12.c4 Bd6 13.g3 c5 14.Qc2 Be7 15.Rad1 d6
16.Nc3 Bb7 17.Rd2 Nd7 18.Qd1 Rbd8 19.Bf4 Ne5 20.a3 Nc6 21.Bd3 Bf6 22.Ne2 Ne5
23.Qc2 Bc6 24.Kg2 Rb8 25.b3 Qb7 26.Nc1 g5 27.Bxe5 Bxe5 28.Re2 Kh8 29.h3 Rg8
30.Kh2 Qe7 31.Rg2 h5 32.f4 gxf4 33.gxf4 Bd4 34.Qe2 Qh4 35.Qf3 Rxg2+ 36.Kxg2 Rg8+
37.Kh2 f5 38.Ne2 e5 39.Ng3 fxe4 40.Bxe4 Rxg3 41.Qxg3 Qxg3+ 42.Kxg3 Bxe4 43.fxe5 dxe5
44.Re1 Bd3 45.Kf3 Kg7 46.b4 cxb4 47.axb4 Bxc4 48.Ke4 Kf6 49.Rc1 Bb5 50.h4 Bf2
51.Rc2 Bxh4 52.Rh2 Bc6+ 53.Kd3 Kg5  0-1

[Event "ch-USA Junior"]
[Site "St Louis USA"]
[Date "2010.07.15"]
[Round "6"]
[White "Robson,R"]
[Black "Hughes,T"]
[Result "1-0"]
[WhiteElo "2562"]
[BlackElo "2312"]

1.e4 c5 2.Nf3 e6 3.d4 cxd4 4.Nxd4 Nc6 5.Nc3 Qc7 6.Be3 a6 7.Qd2 Nf6 8.O-O-O Be7
9.f3 h5 10.Nxc6 bxc6 11.Bf4 e5 12.Bg5 a5 13.Bc4 a4 14.a3 Qb6 15.f4 Qc5 16.fxe5 Ng4
17.Bxe7 Qxe7 18.e6 dxe6 19.Qd4 O-O 20.h3 c5 21.Qd6 Qg5+ 22.Qd2 Qxd2+ 23.Rxd2 Ne5
24.Bb5 Ba6 25.Bxa4 Rfb8 26.Rd6 Nc4 27.Rxa6 Rxa6 28.Bb5 Rxb5 29.Nxb5 h4 30.Rd1 e5
31.Rd3 Rf6 32.b3 Rf1+ 33.Rd1 Rxd1+ 34.Kxd1 Ne3+ 35.Kd2 Nf1+ 36.Kd3 Kf8 37.a4 Ke7
38.a5 Kd7 39.a6 Kc6 40.Nd6 Kb6 41.Nxf7  1-0

[Event "Aegean Open"]
[Site "Agios Kirykos GRE"]
[Date "2010.07.16"]
[Round "4"]
[White "Panagiotopoulos,Leonidas"]
[Black "Karamalis,G"]
[Result "0-1"]
[WhiteElo "1807"]
[BlackElo "2084"]

1.e4 c5 2.Nf3 e6 3.d4 cxd4 4.Nxd4 Nc6 5.Nc3 a6 6.Be2 Nge7 7.O-O Nxd4 8.Qxd4 Nc6
9.Qd2 Be7 10.b3 Bf6 11.Bb2 Qa5 12.Rfd1 b5 13.f4 Bd4+ 14.Kh1 d6 15.Qd3 O-O
16.Rf1 Rd8 17.Nd1 Bxb2 18.Nxb2 Qa3 19.Nd1 Bb7 20.f5 Ne5 21.Qg3 exf5 22.exf5 f6
23.Ne3 Rac8 24.c4 bxc4 25.bxc4 a5 26.Qf4 Re8 27.Nc2 Qc3 28.Nd4 Nd3 29.Bxd3 Qxd3
30.Rfe1 Re5 31.Rad1 Rxc4  0-1

[Event "Aegean Open"]
[Site "Agios Kirykos GRE"]
[Date "2010.07.16"]
[Round "4"]
[White "Masouros,P"]
[Black "Manakova,M"]
[Result "0-1"]
[WhiteElo "1945"]
[BlackElo "2306"]

1.e4 c5 2.Nf3 e6 3.d4 cxd4 4.Nxd4 Nc6 5.Nc3 a6 6.Be2 Qc7 7.O-O b5 8.a3 Bb7
9.Be3 Ne5 10.f4 Nc4 11.Bxc4 Qxc4 12.Qd3 Nf6 13.Kh1 Rc8 14.Rfe1 h5 15.Bg1 h4
16.h3 Nh5 17.Nce2 d6 18.Bh2 g5 19.fxg5 e5 20.Nf5 Qxe4 21.Qxe4 Bxe4 22.Nxh4 Ng7
23.Bg3 Be7 24.Nc3 Bb7 25.Rf1 Bxg5 26.Nf3 Nh5 27.Bh2 Bf4 28.Rad1 Ke7 29.Rf2 Bxh2
30.Kxh2 Nf4 31.Re1 Rcg8 32.Ne2 Rxg2+ 33.Rxg2 Rxh3+ 34.Kg1 Nxg2  0-1

[Event "ZDMI Open"]
[Site "Dresden GER"]
[Date "2010.07.16"]
[Round "7"]
[White "Kieslich,Aaron"]
[Black "Proschmann,T"]
[Result "1/2-1/2"]
[WhiteElo "1801"]
[BlackElo "2092"]

1.e4 c5 2.Nf3 Nc6 3.d4 cxd4 4.Nxd4 e6 5.Nc3 Qc7 6.Nxc6 bxc6 7.Bd3 Nf6 8.O-O d5
9.Qe2 Be7 10.Kh1 O-O 11.f4 a6 12.Bd2 g6 13.Rae1 Re8 14.e5 Nh5 15.Rf3 Ng7
16.Rh3 Nf5 17.Rf1 a5 18.Be1 Rb8 19.b3 Ra8 20.g4 Nd4 21.Qd1 c5 22.Bh4 Bxh4
23.Rxh4 Bb7 24.Nb5 Nxb5 25.Bxb5 Red8 26.Be2 a4 27.Rh3 axb3 28.axb3 Qa5 29.Qe1 Qxe1
30.Rxe1 Ra2 31.Rc1 Rda8 32.Rd3 c4 33.Rg3 Ra1 34.Rxa1 Rxa1+ 35.Kg2 Rc1 36.bxc4 Rxc2
37.Kf2 dxc4 38.Rg1 Bd5 39.Ke3 Kg7 40.Rd1 Rc3+ 41.Kd4 Rc2 42.Ke3 Ra2 43.Rc1 Ra3+
44.Kd4 Bf3 45.Bxf3 Rxf3 46.Ke4 Rf2 47.Rxc4 Rxh2 48.g5  1/2-1/2

[Event "2nd Artemis Cup"]
[Site "Leros GRE"]
[Date "2010.07.16"]
[Round "5"]
[White "Brkic,A"]
[Black "Kapnisis,S"]
[Result "1/2-1/2"]
[WhiteElo "2568"]
[BlackElo "2514"]

1.e4 c5 2.Nf3 e6 3.d4 cxd4 4.Nxd4 Nc6 5.Nc3 Qc7 6.Be3 a6 7.Qd2 Nf6 8.O-O-O Bb4
9.f3 O-O 10.g4 Ne5 11.g5 Nh5 12.a3 Bxc3 13.Qxc3 Qxc3 14.bxc3 d5 15.Be2 Ng6
16.Rd2 b5 17.exd5 exd5 18.Nc6 Re8 19.Bd4  1/2-1/2

[Event "25th Touraine Open"]
[Site "Avoine FRA"]
[Date "2010.07.17"]
[Round "1"]
[White "Nord,A"]
[Black "Wenzel,J"]
[Result "1/2-1/2"]
[WhiteElo "1937"]
[BlackElo "2120"]

1.e4 c5 2.Nf3 e6 3.d4 cxd4 4.Nxd4 Nc6 5.Nc3 Qc7 6.Be2 a6 7.O-O Nf6 8.Kh1 Bb4
9.Qd3 Nxd4 10.Qxd4 Bc5 11.Qd3 b5 12.f4 Bb7 13.Bf3 Rc8 14.e5 Ng8 15.f5 Ne7
16.f6 gxf6 17.exf6 Ng6 18.Bxb7 Qxb7 19.Ne4 d5 20.Nxc5 Rxc5 21.Bh6 Rc4 22.Rae1 Qc6
23.Bg7 Rg8 24.c3 Kd7 25.Rd1 Rc8 26.Bh6 Qd6 27.Be3 Qe5 28.a3 Rh4 29.Bg1 Qe4
30.Qd2 Rf4 31.Be3 Rxf1+ 32.Rxf1 Rg8 33.Bh6 Ne5 34.Bg7 Qd3 35.Qf2 Rc8 36.Re1 Nc6
37.h3 a5 38.Re3 Qb1+ 39.Re1 Qd3 40.Re3 Qb1+ 41.Re1 Qd3 42.Re3  1/2-1/2

[Event "Sparkassen Open A"]
[Site "Dortmund GER"]
[Date "2010.07.17"]
[Round "1"]
[White "Cherniaev,A1"]
[Black "Butschek,T"]
[Result "1-0"]
[WhiteElo "2469"]
[BlackElo "2040"]

1.e4 c5 2.Nc3 e6 3.Nge2 Nc6 4.d4 cxd4 5.Nxd4 Nf6 6.Ndb5 Bb4 7.a3 Bxc3+ 8.Nxc3 d5
9.Bd3 dxe4 10.Nxe4 Ne5 11.Nxf6+ Qxf6 12.Be4 O-O 13.O-O Qh4 14.Qe2 f5 15.Bd3 Nxd3
16.Qxd3 b6 17.Bd2 Bb7 18.Bc3 Rad8 19.Qe2 Bd5 20.f3 Bc4 21.Qe5 Qh6 22.Rfe1 Bd5
23.Rad1 Rf7 24.Rd3 Qg6 25.Qf4 Rfd7 26.h3 Rc8 27.Kh2 Rdc7 28.Rd4 h6 29.Qe3 Qg5
30.Rf4 Rc4 31.Rxc4 Rxc4 32.Qe5 f4 33.Qxg5 hxg5 34.Re5 Kf7 35.Rxg5 g6 36.Rg4 b5
37.Be5 a6 38.c3 Ke7 39.Rxg6 a5 40.h4 Kf7 41.h5 b4 42.Rg7+ Kf8 43.h6  1-0

[Event "33rd Taminco Open"]
[Site "Ghent BEL"]
[Date "2010.07.17"]
[Round "1"]
[White "Froeyman,H"]
[Black "Smekens,R"]
[Result "1-0"]
[WhiteElo "2273"]
[BlackElo "1856"]

1.e4 c5 2.Nf3 Nc6 3.d4 cxd4 4.Nxd4 e6 5.Nc3 Nf6 6.Nxc6 bxc6 7.e5 Nd5 8.Ne4 d6
9.Nxd6+ Bxd6 10.exd6 Qxd6 11.c4 Qe5+ 12.Qe2 Qxe2+ 13.Bxe2 Nb6 14.Be3 O-O
15.O-O-O Bb7 16.Rd6 Rfd8 17.Rhd1 Rxd6 18.Rxd6 Rc8 19.Bc5 h6 20.b3 Rc7 21.Rd8+ Kh7
22.Bd3+ g6 23.Bd4 e5 24.Bxe5 Rc8 25.Rxc8 Bxc8 26.Bd4 Bd7 27.Kb2 Kg8 28.Kc3 Kf8
29.Kb4 Ke8 30.Ka5 Kd8 31.Bxb6+ axb6+ 32.Kxb6  1-0

[Event "2nd Artemis Cup"]
[Site "Leros GRE"]
[Date "2010.07.17"]
[Round "6"]
[White "Sahl,S"]
[Black "Zawadzka,J"]
[Result "0-1"]
[WhiteElo "2156"]
[BlackElo "2415"]

1.e4 c5 2.Nf3 e6 3.d4 cxd4 4.Nxd4 Nc6 5.Nc3 Qc7 6.Be2 a6 7.Be3 Nf6 8.O-O Be7
9.f4 d6 10.Qe1 O-O 11.Rd1 Re8 12.Qg3 Kh8 13.e5 dxe5 14.Nxc6 exf4 15.Bxf4 Qxc6
16.Be5 Rg8 17.Kh1 Qe8 18.Bd3 Nh5 19.Qe3 f5 20.g4 Nf6 21.Bxf6 Bxf6 22.gxf5 exf5
23.Qxe8 Rxe8 24.Nd5 Bd7 25.Bxf5 Bc6 26.b3 Rad8 27.c4 Re2 28.Bg4 Rxa2 29.Bf3 Be5
30.Bg2 g6 31.Rde1 Bg7 32.Rf4 Rf8 33.Rxf8+ Bxf8 34.h4 Kg7 35.Re3 Ra1+ 36.Kh2 Bd6+  0-1

[Event "Open A"]
[Site "Oberwart AUT"]
[Date "2010.07.17"]
[Round "5"]
[White "Zelcic,R"]
[Black "Csonka,A1"]
[Result "1-0"]
[WhiteElo "2554"]
[BlackElo "2381"]

1.e4 c5 2.Nf3 e6 3.d4 cxd4 4.Nxd4 Nc6 5.Nc3 Qc7 6.Be2 a6 7.O-O Nf6 8.a4 Bd6
9.Kh1 Nxd4 10.Qxd4 b6 11.f4 Bb7 12.e5 Bc5 13.Qc4 d5 14.Qd3 Ne4 15.Nxe4 dxe4
16.Qg3 g6 17.c3 O-O 18.Be3 Rad8 19.Rfd1 Rxd1+ 20.Rxd1 Rd8 21.Rxd8+ Qxd8 22.b4 Bxe3
23.Qxe3 Bc6 24.b5 axb5 25.axb5 Bb7 26.Kg1 Kg7 27.g3 Qd5 28.Kf2 Qd8 29.Ke1 Ba8
30.c4 Qc7 31.Qd4 Qa7 32.Kf2 Qc7 33.Qd6 Qa7 34.g4 Qb7 35.Ke3 Qa7 36.f5 gxf5
37.gxf5 Qa1 38.Kf2 Qc1 39.f6+ Kg6 40.Qxb6 Qf4+ 41.Ke1 e3 42.Qd8 Qf2+ 43.Kd1 Qg1+
44.Kc2 Be4+ 45.Bd3 Qf2+ 46.Kb3 Bxd3 47.Qxd3+ Kh6 48.Qd4 Kg5 49.b6 Qf3 50.Kc3 Kh5
51.h3 Qxh3 52.Qe4 Qg3 53.Kd3 Qe1 54.Qf3+ Kh6 55.Qxe3+  1-0

[Event "5th Nana Aleksandria Cup"]
[Site "Poti GEO"]
[Date "2010.07.17"]
[Round "7"]
[White "Shanava,K"]
[Black "Mikadze,M"]
[Result "1-0"]
[WhiteElo "2556"]
[BlackElo "2360"]

1.e4 c5 2.Nf3 e6 3.d4 cxd4 4.Nxd4 Nc6 5.Nc3 a6 6.Be3 Nge7 7.Be2 Nxd4 8.Qxd4 b5
9.O-O-O Nc6 10.Qd2 Qa5 11.Kb1 Be7 12.Bd3 Ne5 13.Bd4 f6 14.Qe3 Rb8 15.Qg3 O-O
16.Bxe5 fxe5 17.Qxe5 Rb7 18.Qg3 Ba3 19.e5 Qb4 20.b3 Rxf2 21.Ne4 Rf5 22.c3 Qf8
23.Nf6+ Rxf6 24.exf6 Qxf6 25.Rhf1 Qe7 26.Rf3 d5 27.b4 e5 28.Rdf1 e4 29.Rf8+ Qxf8
30.Rxf8+ Kxf8 31.Qd6+ Re7 32.Be2 a5 33.Qd8+  1-0

[Event "2nd Open"]
[Site "Rethymno GRE"]
[Date "2010.07.17"]
[Round "6"]
[White "Martin Alvarez,I"]
[Black "Filip,L"]
[Result "0-1"]
[WhiteElo "2321"]
[BlackElo "2470"]

1.e4 c5 2.Nf3 e6 3.d4 cxd4 4.Nxd4 Nc6 5.Nc3 Qc7 6.Be3 Nf6 7.Qd2 Nxd4 8.Qxd4 Ng4
9.Be2 Nxe3 10.fxe3 f6 11.Bh5+ Kd8 12.O-O Bd6 13.h3 Bc5 14.Qd3 Qe5 15.Be2 a6
16.Na4 Bd6 17.Rfd1 Bc7 18.c4 b5 19.cxb5 axb5 20.Qxb5 Qh2+ 21.Kf1 Bg3 22.Bf3 Ba6
23.Rxd7+ Ke8 24.Qxa6 Rxa6 25.Rad1 Qh1+  0-1

[Event "29th Jacques Lemans Open"]
[Site "St Veit SUI"]
[Date "2010.07.17"]
[Round "8"]
[White "Granabetter,J"]
[Black "Molnar,At"]
[Result "1/2-1/2"]
[WhiteElo "1988"]
[BlackElo "2084"]

1.e4 c5 2.Nf3 e6 3.d4 cxd4 4.Nxd4 Nc6 5.Nc3 Qc7 6.Be2 Nf6 7.O-O Be7 8.Be3 a6
9.Nb3 b5 10.a3 d6 11.f4 O-O 12.Bf3 Nd7 13.Nd4 Bb7 14.Qe1 Nxd4 15.Bxd4 e5
16.Be3 exf4 17.Bxf4 Ne5 18.Be3 Kh8 19.Be2 Bc6 20.Bd4 Qb7 21.Bd3 Bf6 22.Rxf6 gxf6
23.Qh4 Rg8 24.Qxf6+ Rg7 25.Qxd6 Nf3+ 26.Kh1 Nxd4 27.Qxd4 Qd7 28.Qxd7 Bxd7
29.Rf1 Be6 30.Nd5 Bxd5 31.exd5 Re8 32.h3 Kg8 33.Rf6 Rg5 34.Rxa6 Rxd5 35.Rh6 Rd4
36.Rb6 Re1+ 37.Kh2 Re5 38.Rxb5  1/2-1/2

[Event "Open"]
[Site "Antakya TUR"]
[Date "2010.07.18"]
[Round "6"]
[White "Quparadze,G"]
[Black "Khurtsidze,N"]
[Result "1/2-1/2"]
[WhiteElo "2345"]
[BlackElo "2443"]

1.e4 c5 2.Nf3 Nc6 3.Nc3 e6 4.d4 cxd4 5.Nxd4 Qc7 6.Be2 Nf6 7.O-O a6 8.Be3 b5
9.Nxc6 dxc6 10.a3 Bb7 11.f4 Be7 12.e5 Rd8 13.Qe1 Nd5 14.Nxd5 Rxd5 15.c4 Rd7
16.Rc1 Qd8 17.Qg3 O-O 18.f5 Bh4 19.Qg4 exf5 20.Rxf5 Be7 21.Bh6 g6 22.Bxf8 Bxf8
23.Rff1 Qe8 24.e6 fxe6 25.Bf3 Bg7 26.cxb5 cxb5 27.Bc6 Bxc6 28.Rxc6 Bd4+ 29.Kh1 Rf7
30.Rxf7 Qxc6 31.Rf1 Bxb2 32.Qf4 Qe8 33.Qb4 Bg7 34.Qa5 Qc8 35.h3 Bf8 36.Rd1 Qc2
37.Qd8 Qc3 38.Qe8 Qxa3 39.Qxe6+ Kh8 40.Qe5+ Kg8 41.Rd7 Qc1+ 42.Kh2 Qc6 43.Rd8 Qc4
44.Ra8 b4 45.Qb8 Qc5 46.Rxa6 Kg7 47.Ra7+ Be7 48.Rb7 Kh6 49.Qf4+ Bg5 50.Qxb4 Qe5+
51.Kh1 Qf6 52.Qe1 Qf4 53.Rb3 Kg7 54.Rf3 Qd6 55.Rf1 h5 56.Qf2 Qe7 57.Qe1 Qd6
58.Qa1+ Bf6 59.Qa7+ Qe7 60.Qxe7+ Bxe7 61.Rc1 Bf6 62.Kg1 Bd4+ 63.Kf1 Be3 64.Rc6 Bd4
65.Ke2 Bf6 66.Kf3 Bd4 67.Ke4 Bb2 68.Kd5 Ba1 69.Ke6 Bd4 70.Rc7+ Kg8 71.Rd7 Bb2
72.Kd5 Bc3 73.Ke4 Bb2 74.Rc7 Ba1 75.Kf4 Bf6 76.g4 hxg4 77.Kxg4 Kf8 78.h4 Ke8
79.Rh7 Kf8 80.h5 gxh5+ 81.Kf5 Bc3 82.Ke6 Kg8 83.Rxh5 Kg7 84.Rg5+ Kf8 85.Rc5 Bb2
86.Rc7 Ba1 87.Rf7+ Kg8 88.Rf1 Bb2 89.Ke7 Kg7 90.Rg1+ Kh6 91.Ke6 Kh5 92.Kf5 Kh6
93.Rg2 Bc3 94.Rc2 Ba1 95.Rc6+ Kg7 96.Rg6+ Kf7 97.Ra6 Bc3 98.Ra7+ Ke8 99.Rh7 Kd8
100.Ke6 Kc8 101.Kd6 Kb8 102.Kc6 Be5 103.Rb7+ Ka8 104.Rb5 Bb8 105.Ra5+ Ba7
106.Ra1 Kb8 107.Rb1+ Ka8 108.Kc7 Be3 109.Rb4 Ba7 110.Rb3 Bd4 111.Rd3 Bg1
112.Rd1 Bf2 113.Rf1 Bd4 114.Rf8+ Ka7 115.Kc6 Be3 116.Rf3 Bg1 117.Rg3 Bf2
118.Ra3+ Kb8 119.Rb3+ Ka8 120.Kc7 Ba7 121.Rf3 Bd4 122.Kc6 Bg1 123.Rf8+ Ka7
124.Kb5 Be3 125.Rf7+ Kb8 126.Kc6 Bg1 127.Rf4 Ka8 128.Rg4 Be3 129.Kc7 Bf2
130.Rg8+ Ka7 131.Rg2 Bb6+ 132.Kc6 Be3 133.Rg4  1/2-1/2

[Event "25th Touraine Open"]
[Site "Avoine FRA"]
[Date "2010.07.18"]
[Round "2"]
[White "Ollier,M"]
[Black "Fomichenko,E"]
[Result "0-1"]
[WhiteElo "2116"]
[BlackElo "2458"]

1.e4 c5 2.Nf3 e6 3.d4 cxd4 4.Nxd4 Nc6 5.Nc3 Qc7 6.Be3 Nf6 7.Be2 a6 8.a3 b5
9.O-O Bb7 10.f4 Bc5 11.Nf5 Ne7 12.Bxc5 Qxc5+ 13.Qd4 Qxd4+ 14.Nxd4 Nxe4 15.Bf3 Nd6
16.Bxb7 Nxb7 17.b4 O-O 18.a4 Rfc8 19.Nce2 Nd6 20.Ra2 Nd5 21.c3 Ne4 22.axb5 axb5
23.Rfa1 Rab8 24.Ra7 Nexc3 25.Nxc3 Nxc3 26.Rxd7 Rd8 27.Raa7 Rxd7 28.Rxd7 g6
29.g3 Nd5 30.Nc6 Ra8 31.Rb7 Ra1+ 32.Kf2 Ra2+ 33.Kg1 Rc2 34.Nd4 Rc4 35.Nxb5 Rxb4
36.Nd6 Rxb7 37.Nxb7 f6 38.Kf2 Kf7 39.Nd6+ Ke7 40.Nc4 Nc3 41.Kf3 Nb5 42.h3 Nd6
43.Ne3 e5 44.fxe5 fxe5 45.g4 h6 46.h4 Ke6 47.Kg3 g5 48.hxg5 hxg5 49.Nd1 Kd5
50.Kf3 e4+ 51.Ke2 Ke5 52.Nf2 Kf4 53.Kf1 Kf3 54.Ke1 Nc4 55.Kf1 Ne5 56.Nh3 Kxg4
57.Ng1 Nd3 58.Ke2 Nf4+ 59.Ke3 Kf5 60.Kf2 g4 61.Ke3 Ke5  0-1

[Event "ZDMI Open"]
[Site "Dresden GER"]
[Date "2010.07.18"]
[Round "9"]
[White "Amos,F"]
[Black "Iotov,V"]
[Result "0-1"]
[WhiteElo "2141"]
[BlackElo "2581"]

1.e4 c5 2.Nf3 e6 3.d4 cxd4 4.Nxd4 Nc6 5.Nc3 Qc7 6.Be3 a6 7.a4 Nf6 8.Be2 Bb4
9.f3 d5 10.O-O Ne7 11.Kh1 Bxc3 12.bxc3 dxe4 13.fxe4 Nxe4 14.Bb5+ axb5 15.Qg4 f5
16.Qxg7 Rg8 17.Nxb5 Qc6 18.Qxh7 Nf6 19.Qh3 e5 20.Rad1 f4 21.Nd6+ Qxd6  0-1

[Event "ZDMI Open"]
[Site "Dresden GER"]
[Date "2010.07.18"]
[Round "9"]
[White "Peil,C"]
[Black "Proschmann,T"]
[Result "0-1"]
[WhiteElo "1880"]
[BlackElo "2092"]

1.e4 c5 2.Nf3 Nc6 3.d4 cxd4 4.Nxd4 e6 5.Nc3 Qc7 6.Be3 a6 7.a3 b5 8.Be2 Bb7
9.O-O Nf6 10.f4 d6 11.Bf3 Be7 12.Nxc6 Bxc6 13.e5 Nd7 14.Bxc6 Qxc6 15.Qg4 O-O
16.Bd4 Qc4 17.Rad1 dxe5 18.b3 Qc7 19.fxe5 Nxe5 20.Qg3 f6 21.Qh3 Qc6 22.Rfe1 Bc5
23.Ne2 Ng6 24.Kh1 Bxa3 25.Bg1 e5 26.b4 Bxb4 27.Qb3+ Qc4 28.Qxc4+ bxc4 29.c3 Be7
30.Rd7 Rfd8 31.Rc7 Rac8 32.Ra7 Rc6 33.Rb1 Kf7 34.Rbb7 Ke6 35.h4 h5 36.Ng3 Rd1
37.Kh2 Rxg1  0-1

[Event "Corporation Centre Cup"]
[Site "Izhevsk RUS"]
[Date "2010.07.18"]
[Round "4"]
[White "Nasybullina,Alfia"]
[Black "Sanzhaev,D"]
[Result "0-1"]
[WhiteElo "1916"]
[BlackElo "2139"]

1.e4 c5 2.Nf3 e6 3.d4 cxd4 4.Nxd4 Nc6 5.Nc3 Qc7 6.Be2 Nf6 7.Be3 a6 8.O-O Be7
9.Na4 b5 10.Nxc6 dxc6 11.Nb6 Rb8 12.Nxc8 Rxc8 13.f3 O-O 14.c4 Rfd8 15.Qc2 Qe5
16.Qc3 Bd6 17.Qxe5 Bxe5 18.Rab1 b4 19.Rfd1 Rxd1+ 20.Bxd1 c5 21.Ba4 Bd4 22.Kf2 Nh5
23.Ke2 e5 24.g4 Bxe3 25.Kxe3 Nf4 26.Rd1 g5 27.Rd6 a5 28.Rd2 Kg7 29.Bb5 h5
30.Ba4 Rh8 31.gxh5 Rxh5 32.Bd7 Rh8 33.Bg4 Rh6 34.Bf5 Rh8 35.Bg4 Ng6 36.Bf5 Ne7
37.Bg4 a4 38.Bd7 Ra8 39.Bg4 a3 40.b3 Rh8 41.h3 Ra8 42.Rd7 Nc6 43.Rd3 Nd4
44.Kf2 Rd8 45.Rd2 Kf6 46.Ke3 Ke7 47.Rh2 Nc6 48.Rh1 Kf6 49.Rg1 Ne7 50.Bh5 Rd4
51.Ke2 Rd6 52.Ke3 Nc6 53.Bg4 Nd4 54.Rg2 Nxb3 55.axb3 Rd1 56.Ra2 Rb1 57.Kd2 Rxb3
58.Kc1 Rc3+ 59.Kb1 Rxc4 60.Bd7 Rd4 61.Bb5 c4 62.Kc1 c3 63.Ba4 Rd3 64.Rf2 Re3
65.Bb3 Re1+ 66.Kc2 Ke7 67.Kd3 Rc1 68.Ba2 f6 69.Bb3 Kd6 70.Kc4 c2 71.Rd2+ Ke7
72.Kd3 Rb1  0-1

[Event "2nd Open"]
[Site "Rethymno GRE"]
[Date "2010.07.18"]
[Round "7"]
[White "Solberg,J"]
[Black "Vorobiov,E"]
[Result "1/2-1/2"]
[WhiteElo "2229"]
[BlackElo "2592"]

1.e4 c5 2.Nf3 Nc6 3.d4 cxd4 4.Nxd4 e6 5.Nc3 Qc7 6.Be3 a6 7.Qd2 Nf6 8.O-O-O Bb4
9.f3 Ne5 10.Kb1 O-O 11.g4 d5 12.exd5 Bxc3 13.Qxc3 Qxc3 14.bxc3 Nxd5 15.Bd2 b5
16.Rg1 Bb7 17.f4 Nc4 18.Bxc4 bxc4 19.g5 Ne7 20.h4 g6 21.Ka1 Be4 22.Rge1 Bf5
23.Rb1 Nd5 24.Rb7 h6 25.Kb2 Rab8 26.Rxb8 Rxb8+ 27.Kc1 Kg7 28.Nc6 Rh8 29.Nb4 hxg5
30.Nxd5 exd5 31.hxg5 Rh2 32.Re8 Be4 33.Rd8 f5 34.Rd7+ Kf8 35.Rd6 Ke7 36.Rxg6 d4
37.Rh6 Rg2 38.Rh3 Rg1+ 39.Kb2 Rg2 40.Kc1 Rg1+ 41.Kb2 Rg2  1/2-1/2

[Event "ch-USA Junior"]
[Site "St Louis USA"]
[Date "2010.07.18"]
[Round "8"]
[White "Rosen,E"]
[Black "Hughes,T"]
[Result "1-0"]
[WhiteElo "2179"]
[BlackElo "2312"]

1.e4 c5 2.Nf3 e6 3.d4 cxd4 4.Nxd4 Nc6 5.Nc3 Qc7 6.Be3 a6 7.Qd2 Nf6 8.O-O-O Be7
9.f3 h5 10.Qf2 d6 11.h3 b5 12.Nxc6 Qxc6 13.Bd3 b4 14.Ne2 e5 15.Kb1 Be6 16.g4 g6
17.g5 Nd7 18.f4 Nc5 19.f5 gxf5 20.exf5 Nxd3 21.cxd3 Bd5 22.Rhg1 Kd7 23.Rd2 Rhc8
24.Qh4 Rab8 25.f6 Bf8 26.Qxh5 Ke8 27.g6 fxg6 28.Qxg6+ Bf7 29.Qg4 b3 30.a3 d5
31.d4 Qxf6 32.dxe5 Qxe5 33.Qa4+ Rb5 34.Qxa6 Qe4+ 35.Ka1 Qc4 36.Qf6 Qc6 37.Qxc6+ Rxc6
38.Nd4 Re6 39.Re1 Rb7 40.Nxe6 Bxe6 41.Bh6 Bxh6 42.Rxe6+ Re7 43.Rxe7+  1-0

[Event "Maria Albulet Mem"]
[Site "Braila ROU"]
[Date "2010.07.19"]
[Round "6"]
[White "Uta,Ad"]
[Black "Genova,Ly"]
[Result "0-1"]
[WhiteElo "2076"]
[BlackElo "2209"]

1.e4 c5 2.Nf3 e6 3.d4 cxd4 4.Nxd4 Nc6 5.Nc3 Qc7 6.Be3 a6 7.Qd2 Nf6 8.f3 Bb4
9.O-O-O O-O 10.g4 b5 11.g5 Ne8 12.Nxc6 Qxc6 13.h4 d6 14.h5 Bxc3 15.Qxc3 Qxc3
16.bxc3 f5 17.gxf6 Rxf6 18.Be2 h6 19.Kb2 Kf8 20.a4 bxa4 21.Ka3 Rf7 22.Kxa4 Rc7
23.c4 a5 24.c5 Bd7+ 25.Bb5 Bxb5+ 26.Kxb5 Rb8+ 27.Ka4 dxc5 28.Rb1 Rb4+ 29.Rxb4 cxb4
30.Kxa5 Rxc2 31.Kxb4 Nf6 32.Bd4 Kf7 33.Ra1 Rc7 34.Ra5 Nh7 35.f4 Nf6 36.Bxf6 Kxf6
37.Ra8 Rc1 38.e5+ Kf5 39.Rf8+ Ke4 40.Rf7 Rf1 41.Rxg7 Rxf4 42.Rg6 Kxe5+ 43.Kc5 Rf6
44.Rg1 Rf5 45.Rh1 Rg5 46.Re1+ Kf6+ 47.Kd6 Rd5+ 48.Kc6 Rxh5 49.Rg1 Rg5 50.Rf1+ Rf5
51.Rg1 h5 52.Rg8 Ke5 53.Rh8 Kd4 54.Kd6 e5 55.Ke6 Rg5 56.Kf6 Rg1 57.Rxh5 Rf1+
58.Ke6 e4 59.Rd5+ Ke3 60.Ke5 Rh1 61.Rd8 Rh5+ 62.Kf6 Ra5 63.Rb8 Kf3 64.Re8 e3
65.Kg6 Kf2 66.Rf8+ Ke1 67.Re8 e2 68.Re7 Rd5  0-1

[Event "Corporation Centre Cup"]
[Site "Izhevsk RUS"]
[Date "2010.07.19"]
[Round "5"]
[White "Khazieva,E"]
[Black "Krutko,A"]
[Result "1-0"]
[WhiteElo "1895"]
[BlackElo "2417"]

1.e4 c5 2.Nf3 e6 3.d4 cxd4 4.Nxd4 Nc6 5.Nc3 a6 6.Be2 Qc7 7.Be3 Nf6 8.O-O Bb4
9.Na4 Be7 10.Nxc6 bxc6 11.Bd3 c5 12.c4 Bb7 13.Nc3 O-O 14.f4 d6 15.Qf3 Rad8
16.Qg3 Rfe8 17.Rad1 Nd7 18.Qh3 Nb8 19.f5 exf5 20.Qxf5 Bf6 21.e5 Rxe5 22.Qxh7+ Kf8
23.Bf4 Qc6 24.Nd5 Rxd5 25.cxd5 Bd4+ 26.Kh1 Qxd5 27.Qh8+ Ke7 28.Rfe1+ Kd7
29.Qh3+ Kc7 30.Re7+ Rd7 31.Be4 Rxe7 32.Bxd5 Bxd5 33.Qd3 Re4 34.Bg3 f5 35.Re1 a5
36.Qf1 g6 37.Rxe4 Bxe4 38.Qf4 Be5 39.Qg5 Nc6 40.Qxg6 a4 41.h4 c4 42.Qf7+ Kb6
43.Bf2+ Bd4 44.Bxd4+ Nxd4 45.Qxc4 Nc2 46.Qxa4 d5 47.Qb3+ Kc5 48.Qc3+ Kb5
49.h5 f4 50.h6 Ne3 51.Qd2 Kc4 52.b3+ Kc5 53.Qc3+ Kd6 54.Qf6+ Kc5 55.Qxf4 Kd4
56.h7 Kd3 57.h8=Q Bxg2+ 58.Kg1 Be4 59.Qhh6 d4 60.Qa6+  1-0

[Event "Corporation Centre Cup"]
[Site "Izhevsk RUS"]
[Date "2010.07.19"]
[Round "5"]
[White "Amonatov,F"]
[Black "Ozolin,M"]
[Result "1-0"]
[WhiteElo "2608"]
[BlackElo "2397"]

1.e4 c5 2.Nf3 e6 3.d4 cxd4 4.Nxd4 Nc6 5.Nc3 Qc7 6.Be3 a6 7.Qd2 Nf6 8.O-O-O Be7
9.f3 O-O 10.g4 b5 11.g5 Ne8 12.Kb1 Na5 13.h4 Rb8 14.h5 d5 15.exd5 e5 16.Nc6 Nxc6
17.dxc6 Be6 18.Bh3 Rd8 19.Qg2 Qxc6 20.Rxd8 Bxh3 21.Qxh3 Bxd8 22.Rd1 Nd6 23.g6 Nc4
24.gxf7+ Kxf7 25.Bc1 Kg8 26.h6 g6 27.b3 Nb6 28.Ba3 Re8 29.Rd6 Qxc3 30.Rxd8 Qc6
31.Rd6 Qc7 32.Qg4 Kf7 33.f4 a5 34.f5 b4 35.fxg6+ Kg8 36.gxh7+ Kh8 37.Bb2  1-0

[Event "XIX ch-Macedonia Open"]
[Site "Struga MKD"]
[Date "2010.07.19"]
[Round "2"]
[White "Vladimirov,V MKD"]
[Black "Stojkovska,M"]
[Result "1-0"]
[WhiteElo "2192"]
[BlackElo "1910"]

1.e4 c5 2.Nc3 Nc6 3.Nf3 e6 4.d4 cxd4 5.Nxd4 a6 6.Be2 Qc7 7.Be3 Nf6 8.O-O Bb4
9.Na4 Be7 10.Nxc6 bxc6 11.Bb6 Qe5 12.Bd3 c5 13.c3 g5 14.g3 Rg8 15.Qd2 Bd6
16.Rfe1 Bb7 17.b4 Bc6 18.Bxc5 Bxc5 19.Nxc5 a5 20.a4 Ke7 21.Bc2 Qc7 22.e5 Ne8
23.Rad1 Rd8 24.Bxh7 Rg7 25.Be4 Bxe4 26.Rxe4 f5 27.Rd4  1-0

[Event "XIX ch-Macedonia Open"]
[Site "Struga MKD"]
[Date "2010.07.19"]
[Round "3"]
[White "Vladimirov,V MKD"]
[Black "Nikolov,Sas"]
[Result "0-1"]
[WhiteElo "2192"]
[BlackElo "2409"]

1.e4 c5 2.Nc3 Nc6 3.Nf3 e6 4.d4 cxd4 5.Nxd4 Qc7 6.Be2 Nf6 7.Be3 a6 8.O-O Bb4
9.Na4 O-O 10.Nxc6 bxc6 11.Nb6 Rb8 12.Nxc8 Rfxc8 13.Bxa6 Rd8 14.Bd3 Bd6 15.f4 e5
16.f5 Rxb2 17.g4 h6 18.Qc1 Rb4 19.Bxh6 Nxg4 20.Bxg7 Bc5+ 21.Kh1 Be3 22.Qd1 Kxg7
23.Qxg4+ Kf6 24.Rg1 Ke7 25.Qh4+ Kd6 26.Rgd1 Qa5 27.a3 Rbb8 28.Rab1 Rxb1 29.Rxb1 Bf4
30.Ba6 Ra8 31.Rd1+ Kc7 32.Qe7 Bd2 33.Bc4 Qc3 34.Bd3 Rh8 35.Rxd2 Qa1+ 36.Kg2 Rg8+
37.Kh3 Qg1 38.Qxe5+ Kb7 39.Qg3 Rxg3+ 40.hxg3 Qc1 41.Re2 Qxa3 42.e5 Qf8 43.Bc4 Kc7
44.e6 fxe6 45.fxe6 Qf1+ 46.Kg4 dxe6 47.Re4 Qf5+  0-1

[Event "MTO"]
[Site "Biel SUI"]
[Date "2010.07.20"]
[Round "2"]
[White "Pavlovic,Milos"]
[Black "Rasch,H"]
[Result "1-0"]
[WhiteElo "2534"]
[BlackElo "2264"]

1.Nf3 c5 2.e4 e6 3.d4 cxd4 4.Nxd4 Nc6 5.Nc3 Qc7 6.Be2 a6 7.O-O Nf6 8.Be3 Ne5
9.f4 Nc4 10.Bxc4 Qxc4 11.Qf3 Bb4 12.e5 Bxc3 13.bxc3 Nd5 14.Bd2 g6 15.a4 d6
16.Rab1 Rb8 17.exd6 Bd7 18.f5 gxf5 19.Qg3 Bxa4 20.Qg7 Rf8 21.Bh6 Kd7 22.Rxb7+ Kxd6
23.Qg3+ e5 24.Bxf8+ Rxf8 25.Nxf5+ Kc6 26.Rfb1 Bxc2 27.Qxe5  1-0

[Event "Corporation Centre Cup"]
[Site "Izhevsk RUS"]
[Date "2010.07.20"]
[Round "6"]
[White "Kozlitin,R"]
[Black "Vaseptsov,Maxim"]
[Result "1-0"]
[WhiteElo "2378"]
[BlackElo "2156"]

1.e4 c5 2.Nf3 e6 3.d4 cxd4 4.Nxd4 Nc6 5.Nc3 d6 6.Be3 Nf6 7.Qd2 Be7 8.f3 O-O
9.O-O-O d5 10.exd5 exd5 11.g4 Nxd4 12.Qxd4 Be6 13.g5 Nh5 14.Qh4 g6 15.Bc4 h6
16.f4 Rc8 17.Bb3 Rxc3 18.bxc3 a5 19.a4 b5 20.axb5 a4 21.Ba2 Ba3+ 22.Kb1 Qa5
23.Bc1 Bxc1 24.Kxc1 Qxc3 25.Qf2 Qa3+ 26.Kb1 Qb4+ 27.Kc1 Qa3+ 28.Kb1 Rb8 29.Qd4 hxg5
30.Rd3 Qd6 31.fxg5 Nf4 32.Re3 Rxb5+ 33.Ka1 Rb4 34.c4 Qb8 35.Rf1 Nh5 36.Qe5 Qxe5+
37.Rxe5 dxc4 38.Rc5 a3 39.Ra5 Rb2 40.Rh1 Rg2 41.h4 Ng3 42.Rd1 Ne4 43.Rd8+ Kg7
44.Raa8 Rg1+ 45.Bb1 Nxg5 46.hxg5 Rxg5 47.Rxa3 Rg2 48.Rc3 g5 49.Ba2 Rg4 50.Rd6 Re4
51.Rc6 f5 52.Bxc4 Bxc4 53.R3xc4 Rxc4 54.Rxc4 Kg6 55.Kb2 g4 56.Kc2 Kg5 57.Kd3 Kh4
58.Ke3 Kg3 59.Rf4 Kh2 60.Rxf5 g3 61.Rh5+ Kg2 62.Rg5  1-0

[Event "Aegean Open"]
[Site "Agios Kirykos GRE"]
[Date "2010.07.21"]
[Round "9"]
[White "Finokaliotis,G"]
[Black "Iskos,A"]
[Result "1-0"]
[WhiteElo "1927"]
[BlackElo "2112"]

1.e4 c5 2.Nf3 Nc6 3.d4 cxd4 4.Nxd4 e6 5.Nc3 Qc7 6.g3 a6 7.Bg2 Nf6 8.a3 Be7
9.Be3 d6 10.O-O h5 11.Nxc6 bxc6 12.h3 Rb8 13.Rb1 d5 14.Re1 O-O 15.e5 Nd7
16.Qxh5 Nxe5 17.Bf4 f6 18.Bxe5 fxe5 19.Qxe5 Qa7 20.Rf1 Bf6 21.Qe2 Bd4 22.Nd1 Rb7
23.c3 Bc5 24.b4 Bd6 25.Ne3 Rbf7 26.Kh2 a5 27.f4 Ba6 28.c4 axb4 29.axb4 Qd4
30.b5 cxb5 31.cxb5 Bb7 32.Ng4 Re7 33.Ne5 Bxe5 34.Qxe5 Qd2 35.Rb2 Qd3 36.Qe2 Qc3
37.Rc2 Qb3 38.Rd2 Rc8 39.f5 Rc3 40.Qg4 exf5 41.Qxf5 Rce3 42.Rxd5  1-0